000 00597nam a22001817a 4500
999 _c172565
_d172565
005 20200207111637.0
010 _aENG-127670
020 _a9789388322379
_c399.00
035 _aEN-111202
037 _bDBAD/PUB
082 _a650.092
100 _aLall,Pavan C.
245 _aFlawed:
_bby Pavan C. Lall
_cThe Rise and of India's Diamond Mogul Nirav Modi/
260 _aGurugram
_bHachette Book Publishing
_c2019
270 _bMumbai
_a4th / 5th Floors, Corporate Centre, Plot No.94, Sector-44, Gurugram
_e122003
300 _a201p.
_b20cm(hb)
942 _2ddc
_cEN
_h650.092
_mLAL